000 00638nam a22001697a 4500
999 _c15045
_d15045
003 AR-CdUCM
008 190425b ||||| |||| 00| 0 spa d
040 _aMUNICIPALIDAD PROVINCIAL DEL CUSCO
_cBIBLIOTECA MUNICIPAL DEL CUSCO
082 _a050 /
_bAN58 / 1955
245 _aAncash :
_bórgano del centro universitario ancashino /
260 _aLima :
_bAzangaro,
_c1955.
300 _a79 páginas ;
_c24 cm.
440 _aAncash
_n03
_934056
505 _aEtapas del panorama intelectual de Ancash -- Expresiones de la intelectualidad Ancashina -- El sexo de mas momias -- Visión poética de Ancash...
942 _2ddc
_cPP
945 _awfj